'Uptown Girl' Lyrics - The Beths - Statistics

General Stats
  • This quiz has been taken 8 times
  • The average score is 99 of 213
Answer Stats
Lyrics % Correct
a
100%
be
100%
been
100%
I
100%
(I
100%
in
100%
to
100%
up
100%
who
83%
hear
67%
is
67%
me
67%
my
67%
and
50%
feel
50%
for
50%
go
50%
I'm
50%
it
50%
know
50%
more
50%
not
50%
one
50%
out
50%
out)
50%
over
50%
sure
50%
that
50%
the
50%
town
50%
we
50%
will
50%
you
50%
you're
50%
always
33%
cause
33%
coming
33%
could
33%
gonna
33%
had
33%
head
33%
now
33%
take
33%
this
33%
thought
33%
tonight
33%
want
33%
was
33%
were
33%
we're
33%
would
33%
wrong
33%
beginning
17%
care
17%
closure
17%
crying
17%
dies
17%
drink
17%
dry
17%
ending
17%
friendly
17%
guess
17%
happening
17%
hit
17%
hope
17%
hoping
17%
I'd
17%
looking
17%
ooh
17%
poison
17%
put
17%
short
17%
someone
17%
spinning
17%
stop
17%
whole
17%
wine
17%
No matching quizzes found
Score Distribution
Percent of People with Each Score
Percentile by Number Answered
Your Score History
You have not taken this quiz